Normal view
MARC view
- Cano García, Elena
Entry Nombre Personal
001 - NUMERO DE CONTROL
- campo de control: 47493
003 - IDENTIFICADOR DE NUMERO DE CONTROL
- campo de control: UPN
005 - FECHA Y HORA DE LA ÜLTIMA TRANSACCIÓN
- campo de control: 20221129135902.0
008 - DATOS DE LONGITUD FIJA
- campo de control de longitud fija: 221129|| acn||aabn | a|a d
024 7# - OTROS IDENTIFICADORES NORMALIZADOS
- Fuente: orcid
- Número normalizado o código: 0000-0003-2866-5058
040 ## - FUENTE DE CATALOGACIÓN
- Agencia original de catalogación: MX-MxUPN
100 ## - ENCABEZAMIENTO - NOMBRE PERSONAL
- Nombre personal: Cano García, Elena
370 ## - LUGAR ASOCIADO
- Associated country: Catalunya, España
371 ## - DIRECCIÓN
- Electronic mail address: ecano@ub.edu
372 ## - CAMPO DE ACTIVIDAD
- Field of activity: Evaluación basada en competencias
- Field of activity: Evaluación soportada por tecnología digital y el feedback.
373 ## - GRUPO ASOCIADO
- Associated group: Universidad de Barcelona. Departamento de Didáctica y Organización Educativa
- Associated group: Coordinadora del Grupo de Investigación LMI (Learning, Media and Social Interactions)
374 ## - OCUPACIÓN
- Occupation: Profesora - Investigadora universitaria
670 ## - FUENTE EN LA QUE SE LOCALIZARON DATOS
- Cita de la fuente: En sitio web: Learning, Media and Social Interactions
- Información localizada: (Elena Cano García)
- Uniform Resource Identifier: https://www.lmi-cat.net/es/elena-cano-garc%C3%ADa
902 ## - CATALOGADOR
- Catalogador: BLSM/291122
